| 000 | 01203nac a22002891u 4500 | ||
|---|---|---|---|
| 090 | _c9793 | ||
| 008 | 080825t xxu||||| |||| 00| 0 eng d | ||
| 020 | _a0787690562 : | ||
| 035 | _a(OCoLC)ocm06921683 | ||
| 082 | 0 |
_a928.105 _bCON |
|
| 245 | 1 | 0 |
_aContemporary authors : Cumulative Index / _cIndex Cordinator Katy Balcer. |
| 260 |
_aDetroit : _bThomson Gale,2005. _c2005. |
||
| 300 |
_a628p.; _c32 cm. |
||
| 440 | _aContemporary authors | ||
| 500 | _aDonations. | ||
| 500 | _aDonations - AUC. | ||
| 500 | _a"Includes citations to entries in: Contemporary authors, Contemporary authors new revision series, Contemporary authors permanent series, Contemporary authors autobiography series, Contemporary authors bibliographical series and numerous other reference works."--Cover | ||
| 511 | _aCatalogued by: Sara. | ||
| 650 | _aContemporary authors -- Indexes. | ||
| 650 | _aContemporary authors autobiography series -- Indexes. | ||
| 650 | _aContemporary authors bibliographical series -- Indexes. | ||
| 700 | _aBalcer, Katy | ||
| 942 |
_cNB _k928.105CON _2ddc _hRDA-MOD |
||
| 999 |
_c9793 _d9793 |
||
| 336 |
_2rdacontent _atext _btxt |
||
| 337 |
_aunmediated _2rdamedia _bn |
||
| 338 |
_avolume _bnc _2rdacarrier |
||